Kováčska 52 a okolie - Asanované domy I. Potulky starými Košicami

Podrobná bibliografia
Hlavný autor: Duchoň, Jozef (Autor)
Médium: Článok
Jazyk:slovenčina
Fyzický popis:1 foto
Predmet:

MARC

LEADER 00000nab a2200000 a 4500
001 vtls000896018
003 SK-MaSNL
005 20260303190242.0
008 040720e19960625xo 0 slo
035 |a KE5044 
040 |a KEVKJB  |b slo  |c KEVKJB  |e AACR2 
041 0 |a slo 
044 |a xo  |c SK 
080 |a 908.437.671  |2 1981 
080 |a 727.1  |2 1981 
100 1 |a Duchoň, Jozef  |4 aut  |9 317656 
245 1 0 |a Kováčska 52 a okolie - Asanované domy I.  |b Potulky starými Košicami 
300 |b 1 foto 
650 0 7 |a vlastiveda  |2 KEVKJB  |9 3887 
650 0 7 |a ulice mesta  |2 KEVKJB  |9 879228 
650 0 7 |a domy asanované  |2 KEVKJB  |9 1218376 
650 0 7 |a dejiny  |2 KEVKJB  |9 3825 
650 0 7 |a popis  |2 KEVKJB  |9 556565 
651 7 |a Kováčska ulica (Košice, Slovensko)  |2 KEVKJB  |9 878262 
651 7 |a Košice (Slovensko)  |2 KEVKJB  |9 18694 
651 7 |a KE,  |2 KEVKJB  |9 877256 
651 7 |a KE,  |2 KEVKJB  |9 877256 
655 7 |a periodikum  |2 snkbucl  |9 29553 
773 0 8 |t Košický večer  |g Roč. 7  |g Roč. 28, č.123, 25.6.1996, s. 7 
852 |a ZVYKNI  |b KIS3GCP 
999 |c 2135328  |d 2137258